[Event "Canada Int. op U2100"]
[Site "Contrecoeur CAN"]
[Date "2022.10.08"]
[Round "2.19"]
[White "Giroux, Robert"]
[Black "Mok, Yuen Tak"]
[Result "1/2-1/2"]
[WhiteElo "1884"]
[BlackElo "1811"]
[PlyCount "87"]
[EventDate "2022.10.07"]
[EventType "swiss"]
[EventRounds "5"]
[EventCountry "CAN"]

1. Nf3 d5 2. e3 Nf6 3. b3 Bf5 4. Bb2 e6 5. Nh4 Bg4 6. Be2 Bxe2 7. Qxe2 c5 8.
Nf3 Nc6 9. O-O Be7 10. d3 O-O 11. c4 a6 12. Nbd2 dxc4 13. Nxc4 Nd7 14. Rfd1 b5
15. Nce5 Ncxe5 16. Nxe5 Nxe5 17. Bxe5 Qd5 18. d4 f6 19. Bg3 Rac8 20. e4 Qb7 21.
d5 e5 22. Rac1 Bd6 23. Qg4 Qe7 24. Rc2 Rc7 25. Qe6+ Qxe6 26. dxe6 Rc6 27. Rcd2
Be7 28. Rd7 Rxe6 29. Rc7 Ra8 30. Rdd7 Bf8 31. f3 Rd6 32. Rxd6 Bxd6 33. Rc6 Bf8
34. Kf1 a5 35. Bf2 a4 36. Bxc5 axb3 37. axb3 Ra1+ 38. Kf2 Ra2+ 39. Kg3 Rc2 40.
b4 Bxc5 41. bxc5 Kf7 42. Rc7+ Kg6 43. c6 b4 44. Rb7 1/2-1/2

[Event "Canada Int. op U2100"]
[Site "Contrecoeur CAN"]
[Date "2022.10.08"]
[Round "2.20"]
[White "Trottier, Alain"]
[Black "Tsukerman, Julia"]
[Result "0-1"]
[WhiteElo "1837"]
[BlackElo "1698"]
[PlyCount "46"]
[EventDate "2022.10.07"]
[EventType "swiss"]
[EventRounds "5"]
[EventCountry "CAN"]

1. Nf3 d5 2. g3 Nf6 3. Bg2 e6 4. O-O Be7 5. d4 O-O 6. c4 dxc4 7. Na3 Bxa3 8.
bxa3 Bd7 9. Ne5 Bc6 10. Nxc6 Nxc6 11. Bxc6 bxc6 12. Bg5 h6 13. Bxf6 Qxf6 14.
Rc1 Rfd8 15. Rxc4 c5 16. Rxc5 Rxd4 17. Qc1 Rad8 18. Rxc7 Rd2 19. Rc2 R2d7 20.
Qe3 Qf5 21. Rb2 Qh3 22. Qe4 Rd1 23. Rb1 Qxf1# 0-1

[Event "Canada Int. op U2100"]
[Site "Contrecoeur CAN"]
[Date "2022.10.08"]
[Round "2.21"]
[White "Dumoulin, Sylvain"]
[Black "Cossette, Daniel"]
[Result "1/2-1/2"]
[WhiteElo "1588"]
[BlackElo "1831"]
[PlyCount "100"]
[EventDate "2022.10.07"]
[EventType "swiss"]
[EventRounds "5"]
[EventCountry "CAN"]

1. Nc3 d5 2. e4 d4 3. Nce2 c5 4. Ng3 Nf6 5. Bc4 Nc6 6. Nf3 Bg4 7. h3 Bxf3 8.
Qxf3 Ne5 9. Bb5+ Nfd7 10. Qf5 Qc7 11. O-O e6 12. Bxd7+ Nxd7 13. Qh5 Nf6 14. Qe2
Be7 15. d3 O-O 16. f4 b5 17. Nh5 g6 18. Nxf6+ Bxf6 19. f5 exf5 20. exf5 Qe7 21.
Qf3 Be5 22. Bd2 f6 23. Rae1 Kh8 24. Re4 gxf5 25. Qxf5 Rg8 26. Bf4 Qg7 27. g4
Bxf4 28. Rfxf4 Rac8 29. Qxf6 Qxf6 30. Rxf6 Rg7 31. Rfe6 Rgc7 32. Re8+ Rxe8 33.
Rxe8+ Kg7 34. Rd8 Kf6 35. Kf2 Ke5 36. Re8+ Kd5 37. h4 c4 38. Ke2 Rf7 39. Rg8
Re7+ 40. Kd2 Rf7 41. Rg5+ Kc6 42. Re5 Rf1 43. Rh5 Rf2+ 44. Kc1 c3 45. bxc3 dxc3
46. Kd1 Rd2+ 47. Kc1 Rg2 48. Kd1 Rxg4 49. Rxh7 Ra4 50. Rh8 Kb7 1/2-1/2

[Event "Canada Int. op U2100"]
[Site "Contrecoeur CAN"]
[Date "2022.10.08"]
[Round "2.23"]
[White "Bassel, Charaf"]
[Black "Gasser, Hossam"]
[Result "1-0"]
[WhiteElo "2038"]
[BlackElo "1343"]
[PlyCount "111"]
[EventDate "2022.10.07"]
[EventType "swiss"]
[EventRounds "5"]
[EventCountry "CAN"]

1. b3 d5 2. Bb2 e6 3. d3 Nf6 4. Nd2 b6 5. Ngf3 Bb7 6. g3 Be7 7. Bg2 Nbd7 8. O-O
O-O 9. e4 dxe4 10. Ng5 h6 11. Ngxe4 Rb8 12. Nxf6+ Bxf6 13. Bxf6 Nxf6 14. Bxb7
Rxb7 15. Qf3 Qc8 16. Nc4 Rd8 17. a4 c5 18. Qg2 Nd5 19. f4 a6 20. Rae1 b5 21.
axb5 axb5 22. Ne5 Qc7 23. Qf2 Nf6 24. Ra1 Qd6 25. Ra5 Nd5 26. Rfa1 Nb4 27. Ra8
Rxa8 28. Rxa8+ Kh7 29. Rc8 Rc7 30. Rxc7 Qxc7 31. c3 Nd5 32. c4 bxc4 33. bxc4
Nb4 34. d4 f6 35. Nd3 Nxd3 36. Qc2 Kg8 37. Qxd3 Qd6 38. d5 exd5 39. cxd5 Kf8
40. Kf2 Qb6 41. Ke2 Qd6 42. Qb3 g5 43. fxg5 hxg5 44. Qf3 Qe5+ 45. Kd3 f5 46.
Kd2 Kg7 47. Qb3 Qd4+ 48. Ke2 Qe4+ 49. Kf2 Qb4 50. Qd3 Qd4+ 51. Qxd4+ cxd4 52.
h4 f4 53. hxg5 fxg3+ 54. Kxg3 Kf7 55. Kf4 Ke7 56. Ke4 1-0

[Event "Canada Int. op U2100"]
[Site "Contrecoeur CAN"]
[Date "2022.10.08"]
[Round "2.24"]
[White "Turcotte, Jonathan"]
[Black "Berube, Maximilien"]
[Result "1-0"]
[WhiteElo "1926"]
[BlackElo "1574"]
[PlyCount "96"]
[EventDate "2022.10.07"]
[EventType "swiss"]
[EventRounds "5"]
[EventCountry "CAN"]

1. d4 Nf6 2. c4 e6 3. Nf3 d5 4. Nc3 Bb4 5. Bg5 h6 6. Bxf6 Qxf6 7. Qa4+ Nc6 8.
e3 O-O 9. cxd5 exd5 10. Rc1 Bg4 11. Be2 Qd6 12. O-O Bxc3 13. Rxc3 Ne7 14. Rfc1
c6 15. b4 a6 16. h3 Bxf3 17. Bxf3 Qd7 18. Qa5 Rfb8 19. Qb6 Nc8 20. Qc5 Nd6 21.
a4 Re8 22. R3c2 f5 23. Rb1 Rad8 24. Be2 f4 25. Bh5 Rf8 26. Bg4 Qf7 27. Rb3 fxe3
28. Rxe3 Kh8 29. Rce2 Ne4 30. Qc2 Rde8 31. b5 axb5 32. axb5 Qc7 33. bxc6 bxc6
34. Bf3 Qf7 35. Bxe4 dxe4 36. Qxc6 Qf5 37. Rxe4 Rxe4 38. Qxe4 Qa5 39. Qe5 Qa1+
40. Kh2 Rd8 41. Re4 Qb2 42. Rg4 Qb7 43. f4 Qf7 44. f5 Rf8 45. d5 Rd8 46. d6 Qf8
47. Rg6 Kh7 48. h4 Re8 1-0

[Event "Canada Int. op U2100"]
[Site "Contrecoeur CAN"]
[Date "2022.10.08"]
[Round "2.25"]
[White "Rauch, Frank"]
[Black "Page, Denis"]
[Result "1-0"]
[WhiteElo "1904"]
[BlackElo "1676"]
[PlyCount "119"]
[EventDate "2022.10.07"]
[EventType "swiss"]
[EventRounds "5"]
[EventCountry "CAN"]

1. d4 e6 2. c4 f5 3. Nc3 Nf6 4. Nf3 Be7 5. g3 O-O 6. Bg2 d6 7. O-O Ne4 8. Qc2
Nxc3 9. Qxc3 a5 10. b3 a4 11. b4 Bf6 12. Bb2 Nd7 13. Qc2 g6 14. Rad1 Qe7 15. c5
d5 16. Ne5 Nb8 17. b5 Bd7 18. Qd3 Bxe5 19. dxe5 Qe8 20. Bxd5 exd5 21. Qxd5+ Be6
22. Qxb7 Nd7 23. c6 Qb8 24. Rxd7 Bxd7 25. Qxb8 Raxb8 26. cxd7 Kf7 27. Rc1 Rxb5
28. Rxc7 Rd8 29. Bc1 Ke6 30. Bf4 Rxd7 31. Rc6+ Kd5 32. Ra6 Rb4 33. a3 Rc4 34.
Ra5+ Ke6 35. Ra6+ Ke7 36. e6 Rd1+ 37. Kg2 Kf6 38. h4 Re4 39. Bg5+ Ke5 40. e7
Kd5 41. Ra8 Ra1 42. e8=Q Rxe8 43. Rxe8 Rxa3 44. Re7 Ra2 45. Kf3 Rb2 46. Rxh7 a3
47. Ra7 a2 48. Bf6 Rc2 49. Kf4 Rxe2 50. Kg5 Rxf2 51. Kxg6 Rg2 52. Kxf5 Rxg3 53.
Rxa2 Rf3+ 54. Kg6 Rg3+ 55. Bg5 Ke6 56. Re2+ Kd7 57. h5 Ra3 58. h6 Ra6+ 59. Kg7
Ra5 60. Bf6 1-0

[Event "Canada Int. op U2100"]
[Site "Contrecoeur CAN"]
[Date "2022.10.08"]
[Round "2.28"]
[White "Hu, Raymond"]
[Black "Pare, Marc"]
[Result "1-0"]
[WhiteElo "1290"]
[BlackElo "1868"]
[PlyCount "97"]
[EventDate "2022.10.07"]
[EventType "swiss"]
[EventRounds "5"]
[EventCountry "CAN"]

1. e4 d5 2. exd5 Nf6 3. d4 Nxd5 4. Nf3 Bg4 5. c3 e6 6. Be2 Be7 7. Nbd2 Nf4 8.
O-O Nxe2+ 9. Qxe2 O-O 10. Qe4 Bh5 11. Qxb7 Nd7 12. Nc4 Nb6 13. Nxb6 axb6 14.
Bf4 Bd6 15. Bxd6 Qxd6 16. Qe4 Ra5 17. Ne5 Rd5 18. f3 c5 19. Nc4 Qc7 20. Ne3 Rd7
21. Qe5 Qxe5 22. dxe5 Rd3 23. Nc4 b5 24. Nd6 Rb8 25. Rad1 Bg6 26. Rxd3 Bxd3 27.
Rd1 c4 28. a3 Kf8 29. Kf2 Ke7 30. Ke3 f6 31. f4 f5 32. Kd4 Bc2 33. Rd2 Ba4 34.
Kc5 h6 35. h4 g6 36. Kb4 g5 37. hxg5 hxg5 38. g3 Rh8 39. Nxb5 Bb3 40. Nd4 Rb8+
41. Kc5 Rc8+ 42. Nc6+ Ke8 43. Rh2 Kf7 44. Kd6 Re8 45. Rh6 gxf4 46. gxf4 Ba4 47.
Nd4 Rd8+ 48. Kc7 Rd7+ 49. Kc8 1-0

[Event "Canada Int. op U2100"]
[Site "Contrecoeur CAN"]
[Date "2022.10.08"]
[Round "2.29"]
[White "Goldner, John"]
[Black "Boisvert, Michel"]
[Result "0-1"]
[WhiteElo "1655"]
[BlackElo "2091"]
[PlyCount "128"]
[EventDate "2022.10.07"]
[EventType "swiss"]
[EventRounds "5"]
[EventCountry "CAN"]

1. e4 c6 2. d4 d5 3. e5 c5 4. c3 Nc6 5. h3 Bf5 6. Bd3 Bxd3 7. Qxd3 e6 8. a3 f6
9. Nf3 Qc7 10. Bf4 cxd4 11. cxd4 Nge7 12. Bg3 Nf5 13. exf6 Nxg3 14. f7+ Kd7 15.
fxg3 Qxg3+ 16. Kf1 Qf4 17. Ke2 Qxf7 18. Rf1 Qg6 19. Qxg6 hxg6 20. b4 a6 21. Nc3
b5 22. Rad1 Be7 23. Ne5+ Nxe5 24. dxe5 Rh5 25. Rf7 Rxe5+ 26. Kd3 Rg5 27. g4 Rh8
28. Rf3 Bf6 29. Ke2 Bxc3 30. Rxc3 Re5+ 31. Kf1 Rc8 32. Rf3 Kd6 33. Kg2 g5 34.
Rd2 Rc1 35. Rf7 Rc3 36. Ra2 Ree3 37. Ra7 Rxa3 38. Rc2 Rg3+ 39. Kf2 Rxh3 40.
Rcc7 Ra2+ 41. Kg1 Rb3 42. Rc1 Rxb4 43. Rxg7 Rxg4+ 44. Kf1 Rgg2 45. Rgc7 Raf2+
46. Ke1 g4 47. R1c6+ Ke5 48. Re7 g3 49. Rexe6+ Kd4 50. Kd1 Rg1+ 51. Re1 Rxe1+
52. Kxe1 Ra2 53. Kf1 g2+ 54. Kg1 b4 55. Rb6 a5 56. Rb8 Kc4 57. Rc8+ Kb3 58. Rc5
a4 59. Rxd5 Rc2 60. Rd3+ Ka2 61. Rd4 Ka3 62. Rd3+ b3 63. Kh2 Ka2 64. Rd4 a3 0-1

[Event "Canada Int. op U2100"]
[Site "Contrecoeur CAN"]
[Date "2022.10.08"]
[Round "2.30"]
[White "Forget, Luc"]
[Black "Yan, Alex Jikai"]
[Result "1/2-1/2"]
[WhiteElo "1809"]
[BlackElo "1619"]
[PlyCount "78"]
[EventDate "2022.10.07"]
[EventType "swiss"]
[EventRounds "5"]
[EventCountry "CAN"]

1. d4 d5 2. Nf3 Nf6 3. c4 e6 4. Nc3 dxc4 5. e3 a6 6. Bxc4 b5 7. Bd3 Bb7 8. O-O
Be7 9. Qe2 O-O 10. Rd1 Nbd7 11. a3 c5 12. dxc5 Bxc5 13. b4 Be7 14. Bb2 Qb6 15.
Rac1 e5 16. Bf5 Rad8 17. e4 Rfe8 18. Bxd7 Nxd7 19. Nd5 Bxd5 20. Rxd5 f6 21.
Rcd1 Nf8 22. g3 Rxd5 23. Rxd5 Rd8 24. Qd2 Rd6 25. Nh4 g6 26. Ng2 Qc6 27. Ne3
Nd7 28. Rxd6 Qxd6 29. Qxd6 Bxd6 30. Nd5 Kf7 31. Bc1 Ke6 32. Be3 f5 33. f3 Nf6
34. Nc3 fxe4 35. fxe4 Bc7 36. Kf1 Ng4 37. Bg1 Bd8 38. Ke2 Kd6 39. a4 Kc6
1/2-1/2

[Event "Canada Int. op U2100"]
[Site "Contrecoeur CAN"]
[Date "2022.10.08"]
[Round "2.31"]
[White "Mercure, Gilbert"]
[Black "Sonko, Babacar"]
[Result "1-0"]
[WhiteElo "1704"]
[BlackElo "1550"]
[PlyCount "59"]
[EventDate "2022.10.07"]
[EventType "swiss"]
[EventRounds "5"]
[EventCountry "CAN"]

1. e4 e5 2. Nf3 Nc6 3. Bc4 Nf6 4. Ng5 d5 5. exd5 Na5 6. Bb5+ c6 7. dxc6 bxc6 8.
Qf3 Bg4 9. Bxc6+ Nxc6 10. Qxc6+ Bd7 11. Qc4 Qe7 12. b3 Rc8 13. Qd3 e4 14. Qd4
h6 15. Ba3 Qd8 16. Bxf8 Kxf8 17. Nxe4 Nxe4 18. Qxe4 Qf6 19. Qb4+ Kg8 20. Nc3
Re8+ 21. Kd1 Qxf2 22. Kc1 Qxg2 23. Kb2 Qd5 24. Rad1 Qg2 25. Rhg1 Qxh2 26. Qd4
Qe5 27. Qxd7 Kh7 28. Qxf7 Rhf8 29. Qg6+ Kh8 30. Rde1 1-0

[Event "Canada Int. op U2100"]
[Site "Contrecoeur CAN"]
[Date "2022.10.08"]
[Round "3.17"]
[White "Tsukerman, Julia"]
[Black "Barko, Maxim"]
[Result "1-0"]
[WhiteElo "1698"]
[BlackElo "1805"]
[PlyCount "71"]
[EventDate "2022.10.07"]
[EventType "swiss"]
[EventRounds "5"]
[EventCountry "CAN"]

1. e4 d5 2. exd5 Qxd5 3. Nc3 Qa5 4. d4 Nf6 5. Nf3 Bf5 6. Bc4 e6 7. O-O c6 8.
Bd2 Qc7 9. Re1 Nbd7 10. h3 Bd6 11. Rc1 O-O 12. Qe2 Rad8 13. Nh4 Bh2+ 14. Kh1
Bf4 15. Nxf5 exf5 16. Bxf4 Qxf4 17. Qe3 Qh4 18. Kg1 Rfe8 19. Qd3 Ne5 20. Qf1
Qxd4 21. Bb3 Qf4 22. Ne2 Qb4 23. a3 Qb6 24. Ng3 g6 25. Re2 h5 26. Qe1 Ned7 27.
Re7 Rxe7 28. Qxe7 Rf8 29. Rd1 Qc7 30. Rd6 Qd8 31. Bxf7+ Kg7 32. Qxd8 Rxd8 33.
Be6 Kf8 34. Bxd7 Ne8 35. Rd3 Ng7 36. Bxf5 1-0

[Event "Canada Int. op U2100"]
[Site "Contrecoeur CAN"]
[Date "2022.10.08"]
[Round "3.19"]
[White "Mok, Yuen Tak"]
[Black "Bassel, Charaf"]
[Result "1/2-1/2"]
[WhiteElo "1811"]
[BlackElo "2038"]
[PlyCount "124"]
[EventDate "2022.10.07"]
[EventType "swiss"]
[EventRounds "5"]
[EventCountry "CAN"]

1. Nf3 Nf6 2. c4 e6 3. g3 d5 4. b3 Be7 5. Bg2 O-O 6. O-O c5 7. e3 b6 8. Bb2 Bb7
9. Qe2 Nbd7 10. Nc3 Rc8 11. cxd5 Nxd5 12. Nxd5 exd5 13. d4 c4 14. bxc4 dxc4 15.
Rfc1 b5 16. e4 Nb6 17. d5 Na4 18. Bd4 a5 19. Rab1 Ba6 20. Bh3 Ra8 21. Ne5 Qc7
22. Nc6 Bc5 23. Qe3 Bxd4 24. Qxd4 b4 25. e5 Bb5 26. Bg2 Qd7 27. e6 Qd6 28.
exf7+ Rxf7 29. Ne5 Rc7 30. Bf1 Nb6 31. Bxc4 Rac8 32. Bxb5 Rxc1+ 33. Rxc1 Rxc1+
34. Kg2 Qc5 35. Qf4 Qxd5+ 36. Kh3 Rc8 37. Bd3 Qe6+ 38. Kg2 g6 39. Bf1 Qd5+ 40.
Kg1 Rc5 41. Ng4 Nd7 42. Ne3 Qf7 43. Bc4 Rxc4 44. Qxc4 Qxc4 45. Nxc4 a4 46. Kf1
Kf7 47. Ke2 Ke6 48. Kd2 Kd5 49. Ne3+ Ke4 50. Nc2 b3 51. axb3 axb3 52. Ne1 Kd4
53. f4 Ke4 54. Nd3 h5 55. Kc3 b2 56. Nxb2 Kf3 57. Kd2 Nf6 58. Nd3 Ne4+ 59. Ke1
Kg2 60. Ne5 Kxh2 61. Nxg6 Kxg3 62. Kf1 h4 1/2-1/2

[Event "Canada Int. op U2100"]
[Site "Contrecoeur CAN"]
[Date "2022.10.08"]
[Round "3.20"]
[White "Trinh, Tri Bao"]
[Black "Dumoulin, Sylvain"]
[Result "1-0"]
[WhiteElo "1999"]
[BlackElo "1588"]
[PlyCount "67"]
[EventDate "2022.10.07"]
[EventType "swiss"]
[EventRounds "5"]
[EventCountry "CAN"]

1. c4 e5 2. g3 Nc6 3. Bg2 g6 4. Nc3 Bg7 5. e4 d6 6. Nge2 Be6 7. d3 Qd7 8. Nd5
Nce7 9. O-O c6 10. Ne3 Bh3 11. f4 Bxg2 12. Kxg2 Nh6 13. d4 exd4 14. Nxd4 O-O-O
15. f5 gxf5 16. Nexf5 Nhxf5 17. Nxf5 Nxf5 18. Rxf5 Be5 19. Bg5 Rde8 20. Qf3 Qe6
21. Rxf7 Qxc4 22. Qf5+ Qe6 23. Rf1 Qxf5 24. exf5 Ref8 25. Re7 Bf6 26. Bxf6 Rxf6
27. g4 d5 28. Kg3 d4 29. g5 Rd6 30. f6 d3 31. f7 d2 32. Re8+ Rd8 33. Rxh8 d1=Q
34. Rxd8+ 1-0

[Event "Canada Int. op U2100"]
[Site "Contrecoeur CAN"]
[Date "2022.10.08"]
[Round "3.21"]
[White "Fiset, Anais Chloe"]
[Black "Rauch, Frank"]
[Result "0-1"]
[WhiteElo "1386"]
[BlackElo "1904"]
[PlyCount "52"]
[EventDate "2022.10.07"]
[EventType "swiss"]
[EventRounds "5"]
[EventCountry "CAN"]

1. e4 c5 2. Nf3 d6 3. Bb5+ Bd7 4. Bxd7+ Qxd7 5. c4 Nc6 6. Nc3 g6 7. d4 cxd4 8.
Nxd4 Bg7 9. Be3 Nf6 10. f3 O-O 11. O-O Rac8 12. b3 a6 13. a4 e6 14. Qd2 Rfd8
15. Rfd1 Qc7 16. Nxc6 bxc6 17. Qf2 c5 18. e5 Ne8 19. Bg5 Rd7 20. exd6 Nxd6 21.
Qc2 Nf5 22. Rxd7 Qxd7 23. Rd1 Nd4 24. Qf2 Qb7 25. Ne4 Qxb3 26. Nd6 Qxd1+ 0-1

[Event "Canada Int. op U2100"]
[Site "Contrecoeur CAN"]
[Date "2022.10.08"]
[Round "3.22"]
[White "Wilkin, Alain"]
[Black "Mangahas, Ronald"]
[Result "1/2-1/2"]
[WhiteElo "1889"]
[BlackElo "1807"]
[PlyCount "86"]
[EventDate "2022.10.07"]
[EventType "swiss"]
[EventRounds "5"]
[EventCountry "CAN"]

1. Nf3 Nf6 2. g3 g6 3. Bg2 Bg7 4. O-O O-O 5. d3 d6 6. Nbd2 e5 7. c4 a5 8. a3
Nbd7 9. Rb1 Re8 10. b4 d5 11. e4 dxe4 12. dxe4 Nf8 13. Bb2 N6d7 14. c5 Qe7 15.
Re1 Ne6 16. Nc4 Rd8 17. Qc2 axb4 18. axb4 Ng5 19. Nxg5 Qxg5 20. Rbd1 Qe7 21.
Ne3 c6 22. Nc4 Nf8 23. Rxd8 Qxd8 24. Rd1 Qe7 25. Nb6 Rb8 26. Qd2 Be6 27. Qd6
Qxd6 28. Rxd6 f6 29. Bf1 Kf7 30. Be2 Ke7 31. Kg2 Nd7 32. Nxd7 Bxd7 33. Bc1 Ra8
34. b5 Ra4 35. bxc6 Bxc6 36. f3 Ra2 37. Kf1 Ra1 38. Rd1 Ba4 39. Re1 Kd7 40. Be3
Rxe1+ 41. Kxe1 Kc6 42. Bc4 Bf8 43. Bd5+ Kc7 1/2-1/2

[Event "Canada Int. op U2100"]
[Site "Contrecoeur CAN"]
[Date "2022.10.08"]
[Round "3.23"]
[White "Cossette, Daniel"]
[Black "Hu, Raymond"]
[Result "1-0"]
[WhiteElo "1831"]
[BlackElo "1298"]
[PlyCount "67"]
[EventDate "2022.10.07"]
[EventType "swiss"]
[EventRounds "5"]
[EventCountry "CAN"]

1. e4 c5 2. Nf3 Nc6 3. Bb5 d6 4. O-O Bd7 5. Re1 g6 6. c3 Bg7 7. d4 cxd4 8. cxd4
e5 9. dxe5 dxe5 10. Nc3 h6 11. Be3 Nge7 12. Qd6 Bg4 13. Qa3 Bxf3 14. gxf3 a6
15. Rad1 Qc8 16. Bf1 O-O 17. Na4 Qe8 18. Nb6 Rd8 19. Bc5 f5 20. Nd5 Nxd5 21.
exd5 Rf6 22. dxc6 Rxc6 23. Be3 g5 24. Qb3+ Kh8 25. Rxd8 Qxd8 26. Rd1 Qc8 27.
Qd5 Bf6 28. Qd7 f4 29. Qxc8+ Rxc8 30. Bc1 Rc2 31. Bd3 Rc7 32. Be4 Kg7 33. b3 h5
34. Bb2 1-0

[Event "Canada Int. op U2100"]
[Site "Contrecoeur CAN"]
[Date "2022.10.08"]
[Round "3.24"]
[White "Boisvert, Michel"]
[Black "Giroux, Robert"]
[Result "1/2-1/2"]
[WhiteElo "2091"]
[BlackElo "1884"]
[PlyCount "43"]
[EventDate "2022.10.07"]
[EventType "swiss"]
[EventRounds "5"]
[EventCountry "CAN"]

1. d4 d5 2. Nc3 Bf5 3. Bf4 e6 4. f3 Nf6 5. g4 Bg6 6. h4 h5 7. g5 Ng8 8. e3 Bd6
9. Nge2 a6 10. Bxd6 Qxd6 11. Nf4 Ne7 12. Bd3 Bxd3 13. Qxd3 g6 14. O-O-O Nd7 15.
Nce2 O-O-O 16. e4 Kb8 17. Kb1 c5 18. Qa3 Qc6 19. exd5 Nxd5 20. Nxd5 exd5 21.
dxc5 Rhe8 22. Nd4 1/2-1/2

[Event "Canada Int. op U2100"]
[Site "Contrecoeur CAN"]
[Date "2022.10.08"]
[Round "3.25"]
[White "Jacquet, Stephane"]
[Black "Mercure, Gilbert"]
[Result "0-1"]
[WhiteElo "1887"]
[BlackElo "1704"]
[PlyCount "136"]
[EventDate "2022.10.07"]
[EventType "swiss"]
[EventRounds "5"]
[EventCountry "CAN"]

1. d4 d5 2. c4 Nc6 3. Nc3 dxc4 4. d5 Na5 5. Qa4+ c6 6. Bf4 b5 7. Qc2 b4 8. dxc6
Qd4 9. Rd1 Qxf4 10. Qa4 f6 11. Nd5 Qd6 12. Qxa5 Qxc6 13. Nc7+ Kf7 14. Nxa8 Bb7
15. Qxb4 e6 16. Qc3 Bxa8 17. e3 Qa4 18. a3 Ne7 19. Nf3 Bd5 20. Be2 g5 21. Nxg5+
Kg6 22. h4 h6 23. h5+ Kg7 24. Nf3 Kf7 25. Nd2 Bg7 26. e4 f5 27. Qe3 c3 28. exd5
cxd2+ 29. Rxd2 Nxd5 30. Qg3 Rc8 31. O-O Ne7 32. Rfd1 Bf6 33. Rd7 Rg8 34. Qe3 f4
35. Qxa7 Qe4 36. Bf1 Qe5 37. Rd8 Qxh5 38. f3 Qxf3 39. Qf2 Qxf2+ 40. Kxf2 Rg3
41. R1d3 Rg5 42. b4 e5 43. b5 e4 44. Rb3 e3+ 45. Ke1 Nf5 46. Rd5 Ke6 47. Bc4
Be5 48. Rc5+ Kf6 49. Bd5 Nd4 50. b6 Nxb3 51. Bxb3 f3 52. Rc6+ Ke7 53. gxf3 Kd7
54. Rxh6 Rg2 55. Bc4 Rc2 56. Bd3 Bg3+ 57. Kf1 Rf2+ 58. Kg1 e2 59. Bxe2 Rxe2 60.
Rg6 Bd6 61. a4 Ra2 62. b7 Bb8 63. Rg4 Kc6 64. Rb4 Kc7 65. Kf1 Ba7 66. f4 Kb8
67. Ke1 Be3 68. f5 Bd2+ 0-1

[Event "Canada Int. op U2100"]
[Site "Contrecoeur CAN"]
[Date "2022.10.08"]
[Round "3.26"]
[White "Yang, Jing Yao"]
[Black "Trottier, Alain"]
[Result "1/2-1/2"]
[WhiteElo "1472"]
[BlackElo "1837"]
[PlyCount "54"]
[EventDate "2022.10.07"]
[EventType "swiss"]
[EventRounds "5"]
[EventCountry "CAN"]

1. d4 c6 2. Bf4 Nf6 3. c3 g6 4. Nf3 Bg7 5. Nbd2 O-O 6. e4 d6 7. Be2 Re8 8. h4
h6 9. Nh2 Nbd7 10. g4 e5 11. dxe5 dxe5 12. Be3 Nh7 13. Ndf3 Nhf8 14. Qd2 Kh7
15. h5 g5 16. Bc4 f6 17. Nf1 Nb6 18. Qxd8 Rxd8 19. Bxb6 axb6 20. Ne3 Ne6 21.
O-O b5 22. Bb3 Nc5 23. Bc2 Be6 24. a3 Rd7 25. Nf5 Rad8 26. b4 Na4 27. Bxa4 bxa4
{illisible} 1/2-1/2

[Event "Canada Int. op U2100"]
[Site "Contrecoeur CAN"]
[Date "2022.10.08"]
[Round "3.27"]
[White "Gasser, Hossam"]
[Black "Morin-Pare, Victor"]
[Result "0-1"]
[WhiteElo "1343"]
[BlackElo "1812"]
[PlyCount "54"]
[EventDate "2022.10.07"]
[EventType "swiss"]
[EventRounds "5"]
[EventCountry "CAN"]

1. e4 c6 2. d4 d5 3. e5 c5 4. c3 Bf5 5. Bd3 Bxd3 6. Qxd3 e6 7. dxc5 Nd7 8. Bf4
Bxc5 9. Nf3 Qb6 10. Qc2 Rc8 11. O-O Ne7 12. Qd2 Ng6 13. Bg3 a5 14. a4 O-O 15.
Na3 Bxa3 16. Rxa3 Nc5 17. Nd4 Ne4 18. Qe2 Rc4 19. f3 Nxg3 20. hxg3 Rfc8 21. Kh1
Ne7 22. Nb5 Nf5 23. g4 Ng3+ 24. Kh2 Nxe2 25. Nd6 Qd8 26. g3 Qg5 27. Rb3 Qxe5
0-1

[Event "Canada Int. op U2100"]
[Site "Contrecoeur CAN"]
[Date "2022.10.08"]
[Round "3.28"]
[White "Pare, Marc"]
[Black "Page, Denis"]
[Result "0-1"]
[WhiteElo "1868"]
[BlackElo "1676"]
[PlyCount "60"]
[EventDate "2022.10.07"]
[EventType "swiss"]
[EventRounds "5"]
[EventCountry "CAN"]

1. e4 c5 2. c3 Nf6 3. e5 Nd5 4. Bc4 Nb6 5. Bb3 Nc6 6. Qe2 d5 7. exd6 Qxd6 8.
Nf3 Bf5 9. d4 cxd4 10. cxd4 Nxd4 11. Nxd4 Qxd4 12. O-O Qe4 13. Qd1 Qd3 14. Qe1
e6 15. Qa5 Be7 16. Rd1 Qa6 17. Qe1 O-O 18. Nc3 Rfd8 19. Be3 Nc4 20. Qe2 Nxe3
21. Qxe3 Bf6 22. Na4 Qa5 23. Nc5 Qc7 24. Rdc1 Qe7 25. Rc4 Bxb2 26. Rf1 Bf6 27.
h3 b5 28. Rb4 a6 29. a3 Rdc8 30. Ne4 Bxe4 0-1

[Event "Canada Int. op U2100"]
[Site "Contrecoeur CAN"]
[Date "2022.10.08"]
[Round "3.29"]
[White "Berube, Maximilien"]
[Black "Forget, Luc"]
[Result "1/2-1/2"]
[WhiteElo "1574"]
[BlackElo "1809"]
[PlyCount "149"]
[EventDate "2022.10.07"]
[EventType "swiss"]
[EventRounds "5"]
[EventCountry "CAN"]

1. c4 e5 2. g3 Nf6 3. Bg2 d5 4. cxd5 Nxd5 5. d3 Nc6 6. Nf3 Be7 7. O-O O-O 8. a3
Be6 9. b4 a6 10. Bb2 f6 11. Nbd2 Qd7 12. Rc1 Rad8 13. Nb3 Kh8 14. Nfd2 Bh3 15.
Ne4 Bxg2 16. Kxg2 b6 17. Qc2 Nb8 18. Rfd1 c6 19. Ned2 Qg4 20. e3 Bd6 21. d4
exd4 22. Bxd4 Be5 23. Qe4 Qxe4+ 24. Nxe4 Bxd4 25. Nxd4 Rfe8 26. Nc3 Nxc3 27.
Rxc3 Rd6 28. Rdc1 Rc8 29. a4 Kg8 30. Kf3 Kf7 31. Ke2 g6 32. Nb3 Nd7 33. a5 bxa5
34. bxa5 Ne5 35. Nc5 Rb8 36. Nxa6 Ra8 37. Nb4 Rxa5 38. f4 Ng4 39. h3 Rb5 40.
Nxc6 Rb2+ 41. R1c2 Rxc2+ 42. Rxc2 Nh6 43. Nd4 Rd7 44. g4 Ng8 45. Kf3 Ne7 46.
Nb5 Rd5 47. Nd4 Rd7 48. Rc5 Nd5 49. f5 Ne7 50. Ra5 gxf5 51. gxf5 Rd5 52. Rxd5
Nxd5 53. e4 Nb6 54. Kf4 Nd7 55. Nc6 Kg7 56. h4 h6 57. Ke3 Nc5 58. Kd4 Nb3+ 59.
Kd5 Nd2 60. e5 fxe5 61. Kxe5 Nf3+ 62. Ke6 Nxh4 63. f6+ Kh7 64. Kf7 Nf3 65. Ke8
Ng5 66. Ne5 h5 67. Nf3 Kg6 68. Ke7 Nh7 69. f7 Kf5 70. Nh4+ Kg4 71. Ng6 h4 72.
Nxh4 Kxh4 73. Ke6 Nf8+ 74. Ke7 Ng6+ 75. Ke8 1/2-1/2

[Event "Canada Int. op U2100"]
[Site "Contrecoeur CAN"]
[Date "2022.10.08"]
[Round "3.30"]
[White "Yan, Alex Jikai"]
[Black "Goldner, John"]
[Result "1-0"]
[WhiteElo "1619"]
[BlackElo "1655"]
[PlyCount "53"]
[EventDate "2022.10.07"]
[EventType "swiss"]
[EventRounds "5"]
[EventCountry "CAN"]

1. e4 e5 2. Nf3 Nc6 3. Bc4 Nf6 4. Ng5 Bc5 5. d4 Bxd4 6. c3 Bb6 7. Nxf7 Bxf2+ 8.
Kxf2 Nxe4+ 9. Ke3 Qh4 10. g3 Nxg3 11. hxg3 Qxc4 12. Nxh8 d5 13. Rh4 Qc5+ 14.
Ke2 Be6 15. b4 Qe7 16. Qc2 O-O-O 17. b5 d4 18. bxc6 d3+ 19. Qxd3 Rxd3 20. cxb7+
Kb8 21. Kxd3 Qd8+ 22. Ke2 Qxh8 23. Be3 Qg8 24. Rb4 Bc4+ 25. Ke1 Qd5 26. Bxa7+
Kxa7 27. b8=Q+ 1-0

[Event "Canada Int. op U2100"]
[Site "Contrecoeur CAN"]
[Date "2022.10.09"]
[Round "4.18"]
[White "Rauch, Frank"]
[Black "Boisvert, Michel"]
[Result "1/2-1/2"]
[WhiteElo "1904"]
[BlackElo "2091"]
[PlyCount "103"]
[EventDate "2022.10.07"]
[EventType "swiss"]
[EventRounds "5"]
[EventCountry "CAN"]

1. d4 f5 2. c4 Nf6 3. Nc3 e6 4. Nf3 Be7 5. g3 O-O 6. Bg2 d6 7. O-O Ne4 8. Qc2
Nxc3 9. Qxc3 Bf6 10. b3 Nc6 11. Bb2 e5 12. dxe5 dxe5 13. Rad1 Qe7 14. e3 g5 15.
Qc1 g4 16. Ne1 e4 17. Ba3 Nb4 18. Nc2 a5 19. c5 Nxc2 20. Qxc2 b5 21. Rc1 c6 22.
Rfd1 Be6 23. Bb2 Rfd8 24. Bxf6 Qxf6 25. Bf1 a4 26. Rxd8+ Qxd8 27. Qc3 axb3 28.
axb3 Ra2 29. Qe5 Kf7 30. Ra1 Rxa1 31. Qxa1 Bxb3 32. Qa7+ Qe7 33. Qa3 Be6 34.
Qc3 Qd7 35. Qh8 Kg6 36. Qb8 Qc8 37. Qb6 Kf6 38. Qa5 Qb8 39. Qa1+ Qe5 40. Qa7 b4
41. Qb6 Qc3 42. Qd8+ Kf7 43. Qc7+ Ke8 44. Qxc6+ Bd7 45. Qd5 b3 46. Bc4 b2 47.
Qf7+ Kd8 48. Qf8+ Kc7 49. Qd6+ Kc8 50. Ba6+ Kd8 51. Qf8+ Kc7 52. Qd6+ 1/2-1/2